[Event "Kalamazoo (MI Am/1/25)"]
[Site "?"]
[Date "1997.??.??"]
[Round "?"]
[White "Foord, Allan"]
[Black "Alexander, M."]
[Result "1-0"]
[WhiteElo "1605"]
[BlackElo "1605"]
[PlyCount "111"]
[EventDate "1997.??.??"]

{1/(25)} 1. e4 e5 2. Nf3 Nf6 3. Nxe5 d6 4. Nf3 Nxe4 5. d4 Bg4 6. Qe2 Qe7 7. Be3
d5 8. h3 Bxf3 9. Qxf3 Qb4+ 10. Nd2 Nxd2 11. Bxd2 Qxb2 12. Qc3 Qxc3 13. Bxc3 Nd7
14. Be2 O-O-O 15. O-O c5 16. dxc5 Nxc5 17. Bg4+ Kb8 18. Rab1 f6 19. Rfe1 Bd6
20. Bf3 Bc7 21. Re7 Rd7 22. Rxd7 Nxd7 23. Bxd5 Nb6 24. Bf3 Rd8 25. Re1 Nd5 26.
Bb2 Ba5 27. Re4 Bc3 28. Bxc3 Nxc3 29. Re7 Nd5 30. Rxg7 Kc8 31. Rxh7 a5 32. Rh5
Nb4 33. Rxa5 Rd2 34. Bxb7+ Kxb7 35. Rb5+ Kc6 36. Rxb4 Rxc2 37. a4 Ra2 38. h4
Kc5 39. Rf4 Ra3 40. h5 Kb6 41. h6 Ka5 42. h7 Rxa4 43. Rxa4+ Kxa4 44. h8=Q Kb4
45. Qxf6 Kc5 46. Kf1 Kc4 47. Ke2 Kc5 48. Qe6 Kd4 49. Qe3+ Kd5 50. Kd3 Kc6 51.
Qd4 Kb5 52. Kc3 Ka5 53. Qb4+ Ka6 54. Kc4 Ka7 55. Kc5 Ka8 56. Kc6 1-0

[Event "Lansing (MI Op/7/6)"]
[Site "?"]
[Date "1997.??.??"]
[Round "?"]
[White "Fischvogt, Eric"]
[Black "LaFata, Sam"]
[Result "0-1"]
[WhiteElo "2200"]
[BlackElo "2045"]
[PlyCount "76"]
[EventDate "1997.??.??"]

{7/(6)} 1. d4 d5 2. c4 e6 3. Nc3 c5 4. e3 Nf6 5. Nf3 Nc6 6. a3 dxc4 7. Bxc4
cxd4 8. exd4 Be7 9. O-O O-O 10. Bg5 Nd5 11. Bxe7 Ncxe7 12. Qd3 Nf6 13. Rad1 b6
14. Ne4 Ned5 15. Nfg5 Nxe4 16. Nxe4 Bb7 17. Rfe1 Rc8 18. Ba2 h6 19. Qg3 Rc7 20.
Nd6 Ba8 21. Ne4 Rd7 22. Qe5 Qb8 23. Bc4 Bb7 24. Rd3 Nf4 25. Rde3 Rfd8 26. g3
Nh3+ 27. Kf1 Rxd4 28. Qxb8 Rxb8 29. Bd3 Ng5 30. Nxg5 hxg5 31. h3 Rbd8 32. Be4
Ba6+ 33. Kg2 Rd2 34. b4 Ra2 35. Rc1 g6 36. Bb1 Rb2 37. Rec3 Rdd2 38. Rf3 Bb7
0-1

[Event "Lansing (MI Op/4/4)"]
[Site "?"]
[Date "1997.??.??"]
[Round "?"]
[White "Fischvogt, Eric"]
[Black "Jarosz, Stan"]
[Result "1-0"]
[WhiteElo "2200"]
[BlackElo "2040"]
[PlyCount "35"]
[EventDate "1997.??.??"]

{4/(4)} 1. d4 d5 2. c4 e6 3. Nc3 Be7 4. Nf3 Nf6 5. e3 O-O 6. Bd3 Nbd7 7. O-O b6
8. Qe2 Bb7 9. Rd1 Qb8 10. e4 dxe4 11. Nxe4 c5 12. Neg5 Re8 13. Ne5 Bd6 14. Nxd7
Nxd7 15. Bxh7+ Kf8 16. Qh5 Re7 17. Bg6 Ke8 18. Bxf7+ 1-0

[Event "Lansing (MI Op/3/5)"]
[Site "?"]
[Date "1997.??.??"]
[Round "?"]
[White "Fischvogt, Eric"]
[Black "Hartwig, Thomas"]
[Result "1/2-1/2"]
[WhiteElo "2200"]
[BlackElo "1850"]
[PlyCount "80"]
[EventDate "1997.??.??"]

{3/(5)} 1. d4 Nf6 2. c4 g6 3. Nc3 Bg7 4. e4 d6 5. Nf3 O-O 6. Be2 e5 7. O-O Nc6
8. d5 Ne7 9. Bd2 Nd7 10. Rc1 f5 11. Ng5 Nf6 12. Qb3 Rb8 13. c5 h6 14. cxd6 cxd6
15. Ne6 Bxe6 16. dxe6 Nxe4 17. Nxe4 fxe4 18. Be3 Qa5 19. Rc4 b5 20. Rxe4 Kh7
21. Rb4 a6 22. Rd1 Nf5 23. a3 Nxe3 24. Qxe3 Qb6 25. Qxb6 Rxb6 26. a4 Re8 27. a5
Rc6 28. Bf3 d5 29. Bxd5 Rd6 30. e7 Kh8 31. Bf3 Rxd1+ 32. Bxd1 Rxe7 33. Rg4 Rd7
34. Bf3 e4 35. Rxe4 Bxb2 36. Re6 Rd2 37. h3 Bd4 38. Rxg6 Rxf2 39. Kh2 Be5+ 40.
Kg1 Bd4 1/2-1/2

[Event "Lansing (MI Op/1b/6)"]
[Site "?"]
[Date "1997.??.??"]
[Round "?"]
[White "Finegold, Ron"]
[Black "Thomas, Johnny"]
[Result "1-0"]
[WhiteElo "2170"]
[BlackElo "1895"]
[PlyCount "58"]
[EventDate "1997.??.??"]

1. c4 Nf6 2. Nf3 e6 3. g3 d5 4. Bg2 Be7 5. O-O O-O 6. Qc2 b6 7. d4 Bb7 8. cxd5
exd5 9. Nc3 c5 10. Rd1 Na6 11. a3 Nc7 12. Bf4 Ne6 13. Be5 Ng4 14. dxc5 Bxc5 15.
e3 Bxe3 16. fxe3 Nxe3 17. Qd3 Nxd1 18. Rxd1 f6 19. Bd4 Nxd4 20. Nxd4 Qd6 21.
Kh1 Rfe8 22. Ncb5 Qe5 23. Nf5 Rad8 24. Nbd4 a6 25. Rf1 Rd7 26. Nh4 g6 27. Nhf3
Qe4 28. Qc3 Rc8 29. Qb3 b5 $138 1-0

[Event "Lansing (MI Op/7/9)"]
[Site "?"]
[Date "1997.??.??"]
[Round "?"]
[White "Finegold, Ron"]
[Black "Bailey, Greg"]
[Result "1-0"]
[WhiteElo "2170"]
[BlackElo "1990"]
[PlyCount "125"]
[EventDate "1997.??.??"]

{7/(9)} 1. d4 Nf6 2. Nf3 b6 3. g3 Bb7 4. Bg2 e6 5. O-O Be7 6. c4 c5 7. Nc3 d5
8. cxd5 Nxd5 9. Qa4+ Qd7 10. Qxd7+ Nxd7 11. Nxd5 Bxd5 12. Be3 c4 13. Nd2 O-O
14. Ne4 Rac8 15. Nc3 Bxg2 16. Kxg2 Nf6 17. Bg5 h6 18. Bxf6 Bxf6 19. e3 Rfd8 20.
Rfc1 e5 21. dxe5 Bxe5 22. Rc2 f5 23. Rac1 a6 24. a4 Rd3 25. Kf3 Kf7 26. Ke2 Ke6
27. f4 Bxc3 28. Rxc3 Rxc3 29. bxc3 Rd8 30. Rb1 Rd6 31. h3 Kd7 32. Rb4 Rc6 33.
e4 a5 34. Rb5 fxe4 35. Ke3 Re6 36. f5 Rd6 37. Kxe4 Kc6 38. g4 Rd3 39. h4 Rxc3
40. g5 Rh3 41. f6 Rxh4+ 42. Ke5 gxf6+ 43. gxf6 Rh1 44. Ke6 Re1+ 45. Kf5 Rf1+
46. Kg6 c3 47. Rb3 Rf3 48. f7 h5 49. Rxc3+ Rxc3 50. f8=Q Rc5 51. Qe7 Rd5 52.
Kf6 h4 53. Ke6 Rd4 54. Qe8+ Kb7 55. Qf7+ Ka6 56. Qf1+ Ka7 57. Qf7+ Ka6 58. Qf1+
Ka7 59. Qa1 Rb4 60. Kd5 Kb7 61. Qg7+ Ka6 62. Qf7 Rxa4 63. Kc6 1-0

[Event "Lansing (MOR/6/47)"]
[Site "?"]
[Date "1997.??.??"]
[Round "?"]
[White "Feguer, Mike"]
[Black "Grima, Jason"]
[Result "1-0"]
[WhiteElo "1605"]
[BlackElo "1605"]
[PlyCount "49"]
[EventDate "1997.??.??"]

{6/(47)} 1. e4 d5 2. exd5 Qxd5 3. Nc3 Qa5 4. Nb5 Nf6 5. Nf3 Bg4 6. h3 Bxf3 7.
Qxf3 c6 8. Be2 Nbd7 9. Nc3 Ne5 10. Qg3 e6 11. d3 Bb4 12. Bd2 Bd6 13. O-O Rd8
14. Bf4 O-O 15. d4 Ne8 16. dxe5 Bc7 17. Bd3 f5 18. Rfe1 Rd4 19. h4 Qb6 20. b3
Qc5 21. Na4 Qb4 22. c3 Qe7 23. cxd4 b5 24. Bg5 Qd7 25. Nc3 {[Remainder of
scoresheet illegible]} 1-0

[Event "Lansing (MOR/5/45)"]
[Site "?"]
[Date "1997.??.??"]
[Round "?"]
[White "Feguer, Mike"]
[Black "Cowans, Winston"]
[Result "0-1"]
[WhiteElo "1605"]
[BlackElo "1605"]
[PlyCount "86"]
[EventDate "1997.??.??"]

{5/(45)} 1. e4 d6 2. Nf3 Nf6 3. Nc3 g6 4. d4 Bg7 5. Bd3 Na6 6. a3 O-O 7. Be3 b6
8. Qd2 h5 9. Bh6 c5 10. h3 cxd4 11. Nxd4 Bb7 12. f3 Nc5 13. Bc4 Kh7 14. Bxg7
Kxg7 15. g4 Rh8 16. O-O-O d5 17. exd5 Nxd5 18. Bxd5 Bxd5 19. gxh5 Rxh5 20. Nc6
Qc7 21. Nxd5 Qxc6 22. Qc3+ Kf8 23. h4 e6 24. Nf6 Rf5 25. h5 Rxf3 26. Nh7+ Kg8
27. Qe5 Nd3+ 28. Rxd3 Rxd3 29. Rh2 Rad8 30. Nf6+ Kf8 31. Nh7+ Ke7 32. Kb1 Rd1+
33. Ka2 Qd5+ 34. Qxd5 exd5 35. Re2+ Kd7 36. Nf6+ Kd6 37. hxg6 fxg6 38. Rg2 Ke6
39. Rxg6 Kf5 40. Rg7 Kxf6 41. Rxa7 d4 42. Rc7 Ke6 43. Rc6+ Rd6 0-1

[Event "Lansing (MOR/4/39)"]
[Site "?"]
[Date "1997.??.??"]
[Round "?"]
[White "Feguer, Mike"]
[Black "Charette, B."]
[Result "0-1"]
[WhiteElo "1605"]
[BlackElo "1605"]
[PlyCount "58"]
[EventDate "1997.??.??"]

{4/(39)} 1. e4 e5 2. Nf3 Nf6 3. Nxe5 d6 4. Nf3 Nxe4 5. Bc4 d5 6. Bb3 Be7 7. d3
Ng5 8. Nxg5 Bxg5 9. Qe2+ Be7 10. O-O O-O 11. Nc3 c6 12. Qf3 Be6 13. Qg3 Bh4 14.
Qf3 Re8 15. Ne2 a5 16. c4 a4 17. Bc2 dxc4 18. dxc4 Bxc4 19. Rd1 Qc8 20. Qh5
Bxf2+ 21. Kxf2 Rxe2+ 22. Kg1 Rxc2 23. Qh4 Bd5 24. Bd2 Rxb2 25. a3 Na6 26. Qg3
Nc5 27. Qc3 Qg4 28. g3 Qh3 29. Kf2 Ne4+ 0-1

[Event "Lansing (MOR/5/50)"]
[Site "?"]
[Date "1997.??.??"]
[Round "?"]
[White "Feguer, Dan"]
[Black "Tong, David"]
[Result "0-1"]
[WhiteElo "1605"]
[BlackElo "1605"]
[PlyCount "54"]
[EventDate "1997.??.??"]

{5/(50)} 1. d4 d5 2. Nc3 c5 3. Nf3 Nc6 4. Bf4 e6 5. Nb5 Qa5+ 6. Nc3 a6 7. e3
Qb4 8. Rb1 Nf6 9. a3 Qa5 10. Bd3 c4 11. Be2 Ne4 12. O-O Nxc3 13. bxc3 Qxc3 14.
Qc1 Bxa3 15. Qd1 f6 16. Ra1 O-O 17. Rb1 e5 18. Bg3 b5 19. dxe5 fxe5 20. Qxd5+
Rf7 21. Qxc6 Bb7 22. Qb6 Qxc2 23. Rbe1 Bb4 24. Bd1 Qf5 25. Re2 Bxf3 26. gxf3
Qh3 27. Qb7 Rxb7 {[Remainder of scoresheet illegible]} 0-1

[Event "Lansing (MOR/2/49)"]
[Site "?"]
[Date "1997.??.??"]
[Round "?"]
[White "Feguer, Dan"]
[Black "Saenz, Scott"]
[Result "0-1"]
[WhiteElo "1605"]
[BlackElo "1605"]
[PlyCount "38"]
[EventDate "1997.??.??"]

{2/(49)} 1. d4 Nf6 2. Nf3 e6 3. Nc3 Bb4 4. Bg5 c5 5. Bxf6 Qxf6 6. e3 O-O 7. Bc4
d5 8. a3 Bxc3+ 9. bxc3 dxc4 10. O-O b5 11. Rb1 a6 12. d5 Rd8 13. e4 exd5 14.
exd5 Bb7 15. Re1 Nd7 16. g3 Nb6 17. Ra1 Bxd5 18. Qb1 Qxf3 19. Re3 Qg2# 0-1

[Event "Lansing (MOR/7/37)"]
[Site "?"]
[Date "1997.??.??"]
[Round "?"]
[White "Feguer, Dan"]
[Black "Carpenter, T."]
[Result "0-1"]
[WhiteElo "1605"]
[BlackElo "1605"]
[PlyCount "38"]
[EventDate "1997.??.??"]

{7/(37)} 1. d4 d5 2. Nc3 Nf6 3. Nf3 g6 4. Bf4 Nc6 5. Nb5 Kd7 6. Nxc7 Rb8 7. Nb5
Qa5+ 8. Nc3 Ra8 9. e3 e6 10. Bb5 Bb4 11. Bxc6+ bxc6 12. O-O Bxc3 13. bxc3 Qxc3
14. Be5 Ba6 15. Bxf6 Bxf1 16. Bxh8 Rxh8 17. Qxf1 Qxc2 18. Ne5+ Ke7 19. Nxc6+
Kf6 {[Remainder of scoresheet illegible]} 0-1

[Event "Kalamazoo (MI Am/4/28)"]
[Site "?"]
[Date "1997.??.??"]
[Round "?"]
[White "Evans Sr., Thomas"]
[Black "Strodtbeck, J."]
[Result "1-0"]
[WhiteElo "1605"]
[BlackElo "1605"]
[PlyCount "41"]
[EventDate "1997.??.??"]

{4/(28)} 1. d4 f5 2. c4 Nf6 3. Nc3 d6 4. Bd2 e5 5. e3 e4 6. Be2 c6 7. f3 Be6 8.
Nh3 Qb6 9. b3 Nbd7 10. Nf4 exf3 11. Bxf3 Bf7 12. Nh5 Nxh5 13. Bxh5 g6 14. Bf3
O-O-O 15. O-O h5 16. Be1 Bh6 17. Bf2 Rde8 18. e4 f4 19. e5 dxe5 20. Na4 Qc7 21.
dxe5 {[Remainder illegible]} 1-0

[Event "Lansing (MOR/6/32)"]
[Site "?"]
[Date "1997.??.??"]
[Round "?"]
[White "Evans Sr., Thomas"]
[Black "McCarter, Robert"]
[Result "0-1"]
[WhiteElo "1605"]
[BlackElo "1615"]
[PlyCount "76"]
[EventDate "1997.??.??"]

{6/(32)} 1. d4 Nf6 2. c4 e6 3. e3 b6 4. Nf3 Bb7 5. Be2 d5 6. Nc3 Be7 7. O-O O-O
8. Bd2 Nbd7 9. a3 dxc4 10. Bxc4 c5 11. dxc5 Nxc5 12. Be2 Rc8 13. Bc1 Nce4 14.
Nxe4 Nxe4 15. Qxd8 Rfxd8 16. Rd1 Nc5 17. Rxd8+ Rxd8 18. Nd2 Bf6 19. Rb1 Ne4 20.
Bb5 Nc5 21. f3 Nd3 22. Bxd3 Rxd3 23. Nc4 Rd1+ 24. Kf2 Ba6 25. Nd2 Rh1 26. Kg3
Bd3 27. Ra1 h5 28. h3 h4+ 29. Kf2 g5 30. a4 Be5 31. f4 gxf4 32. e4 Bd4+ 33. Kf3
e5 34. Kg4 Kg7 35. Kxh4 Kg6 36. Nf3 Bf2+ 37. Kg4 f5+ 38. exf5+ Bxf5# 0-1

[Event "Lansing (MI Op/5/12)"]
[Site "?"]
[Date "1997.??.??"]
[Round "?"]
[White "Evans Sr., Thomas"]
[Black "LaFata, Sam"]
[Result "0-1"]
[WhiteElo "1900"]
[BlackElo "2045"]
[PlyCount "82"]
[EventDate "1997.??.??"]

{5/(12)} 1. e4 e5 2. Nf3 Nc6 3. d4 exd4 4. Nxd4 Bc5 5. Nxc6 Qf6 6. Qd2 Qxc6 7.
Bd3 Ne7 8. Nc3 a6 9. O-O O-O 10. Kh1 Qf6 11. Qg5 Qxg5 12. Bxg5 Re8 13. f4 f6
14. Bh4 d6 15. e5 f5 16. Bxe7 Rxe7 17. Nd5 Rf7 18. b4 Ba7 19. exd6 cxd6 20.
Rae1 Bd7 21. Re7 Kf8 22. Rfe1 Rxe7 23. Rxe7 Bc6 24. Nc7 Kxe7 25. Nxa8 Kd8 26.
Bxf5 b5 27. Bxh7 Bxa8 28. Bg8 Be3 29. f5 Be4 30. Bh7 Bxc2 31. h4 Ke8 32. Kh2 d5
33. g4 d4 34. Kg3 d3 35. f6 gxf6 36. Kf3 Bh6 37. Bf5 Ke7 38. Kf2 Bb1 39. Ke1
d2+ 40. Kd1 Bxf5 41. gxf5 Kd6 0-1

[Event "Kalamazoo (MI Am/2/32)"]
[Site "?"]
[Date "1997.??.??"]
[Round "?"]
[White "Evans Sr., Thomas"]
[Black "Krzyston, Joe"]
[Result "1-0"]
[WhiteElo "1605"]
[BlackElo "1605"]
[PlyCount "83"]
[EventDate "1997.??.??"]

{2/(32)} 1. d4 h6 2. c4 g5 3. e3 Bg7 4. Nc3 c5 5. Nf3 Nc6 6. Be2 d6 7. O-O Nf6
8. dxc5 dxc5 9. Qxd8+ Nxd8 10. Nb5 O-O 11. Nc3 Bd7 12. e4 Ng4 13. Nd5 Nc6 14.
Rb1 Nge5 15. Nxe5 Bxe5 16. Be3 e6 17. Nc3 a6 18. Bxc5 Rfd8 19. Bb6 Re8 20. Na4
Nd4 21. Bd3 Bxa4 22. b3 Bc6 23. a3 a5 24. f4 Bf6 25. e5 Be7 26. Bxd4 Ra6 27. c5
Raa8 28. Be3 Rad8 29. Be2 Be4 30. Rbc1 Ra8 31. fxg5 Rf8 32. gxh6 Kh7 33. Bh5
Rfd8 34. Bf3 Bc6 35. Bxc6 bxc6 36. Rc4 Rg8 37. Rcf4 Raf8 38. Rxf7+ Rxf7 39.
Rxf7+ Kh8 40. Rxe7 Rg6 41. Rc7 Rg8 42. Rxc6 1-0

[Event "Kalamazoo (MI Am/2/2)"]
[Site "?"]
[Date "1997.??.??"]
[Round "?"]
[White "Evans Sr., Thomas"]
[Black "Grzegorczyk, Ron"]
[Result "1-0"]
[WhiteElo "1970"]
[BlackElo "1640"]
[PlyCount "53"]
[EventDate "1997.??.??"]

{2/(2)} 1. e4 c5 2. f4 d6 3. Nf3 Nc6 4. Be2 Nf6 5. Nc3 e5 6. fxe5 dxe5 7. O-O
Bd6 8. d3 O-O 9. Bg5 h6 10. Bh4 Be6 11. Nd5 Bxd5 12. exd5 Nd4 13. Nxd4 exd4 14.
Bxf6 gxf6 15. Qd2 Kh7 16. Bg4 Rh8 17. Rf3 Be5 18. Bf5+ Kg7 19. Be4 Qd6 20. h3
Kf8 21. c4 Ke7 22. Rf5 Rag8 23. Raf1 Rg5 24. Qa5 Ra8 25. b4 b6 26. bxc5 Qxc5
27. Qxc5+ 1-0

[Event "Lansing (MI Op/2/7)"]
[Site "?"]
[Date "1997.??.??"]
[Round "?"]
[White "Evans Sr., Thomas"]
[Black "Fischvogt, Eric"]
[Result "0-1"]
[WhiteElo "1900"]
[BlackElo "2200"]
[PlyCount "103"]
[EventDate "1997.??.??"]

{2/(7)} 1. e4 e6 2. d4 d5 3. exd5 exd5 4. Nf3 Bd6 5. c4 dxc4 6. Bxc4 Nf6 7. O-O
O-O 8. Bg5 Nc6 9. Nc3 Bg4 10. Nd5 Be7 11. Nxe7+ Qxe7 12. Re1 Qd6 13. d5 Bxf3
14. gxf3 Ne5 15. Bf4 Nfd7 16. Kf1 Qf6 17. Re4 Nxc4 18. Rxc4 Nb6 19. Rd4 Nxd5
20. Bg3 c6 21. Bh4 Qf5 22. Rg4 Rae8 23. Qd4 Qe5 24. Qxe5 Rxe5 25. Bg3 Re6 26.
Re1 Rxe1+ 27. Kxe1 f5 28. Ra4 f4 29. Bh4 h6 30. Rxa7 Rb8 31. Kd2 g5 32. Bxg5
hxg5 33. Kd3 Kf7 34. Ke4 Ke6 35. Kd4 Ne7 36. Ra5 b5 37. Kc5 Rh8 38. a4 bxa4 39.
Rxa4 Rxh2 40. Re4+ Kd7 41. Rd4+ Nd5 42. Rd2 Rh1 43. b4 Rc1+ 44. Kd4 Kd6 45. Ke4
Ke6 46. Rd4 Re1+ 47. Kd3 Rd1+ 48. Kc4 Rxd4+ 49. Kxd4 Nxb4 50. Kc5 Nd3+ 51. Kxc6
Ke5 52. Kb5 0-1

[Event "Lansing (MOR/3/43)"]
[Site "?"]
[Date "1997.??.??"]
[Round "?"]
[White "Evans Sr., Thomas"]
[Black "Feguer, Dan"]
[Result "1-0"]
[WhiteElo "1605"]
[BlackElo "1605"]
[PlyCount "45"]
[EventDate "1997.??.??"]

{3/(43)} 1. d4 d5 2. c4 Nf6 3. e3 Nc6 4. Nc3 e6 5. Nf3 Bb4 6. Bd2 O-O 7. cxd5
exd5 8. Be2 Bxc3 9. bxc3 Bf5 10. c4 dxc4 11. Bxc4 Na5 12. Bxa5 b6 13. Bb4 c6
14. Bxf8 Qxf8 15. Ng5 Rc8 16. Bxf7+ Kh8 17. O-O Rd8 18. Bb3 c5 19. Nf7+ Kg8 20.
Nxd8+ Kh8 21. Nf7+ Kg8 22. Nh6+ Kh8 23. Nxf5 1-0

[Event "Lansing (MOR/5/46)"]
[Site "?"]
[Date "1997.??.??"]
[Round "?"]
[White "Evans Sr., Thomas"]
[Black "Chozte, E."]
[Result "1-0"]
[WhiteElo "1605"]
[BlackElo "1605"]
[PlyCount "58"]
[EventDate "1997.??.??"]

{5/(46)} 1. d4 d5 2. c4 dxc4 3. e3 Nf6 4. Nc3 e6 5. Bxc4 Bb4 6. Bd2 Bxc3 7.
Bxc3 c6 8. Nf3 b5 9. Bd3 O-O 10. O-O Nd5 11. Qc2 Na6 12. Bxh7+ Kh8 13. Be4 Bb7
14. b3 Rc8 15. a3 Qe7 16. b4 c5 17. bxc5 Nf6 18. Bxb7 Qxb7 19. Bb4 Rc6 20. Ne5
Rcc8 21. Ba5 b4 22. Rfb1 Qb5 23. axb4 Nb8 24. Qc4 Qxc4 25. Nxc4 Nd5 26. Nd6 Rc6
27. b5 Rxd6 28. cxd6 Nd7 29. h3 f6 {[Remainder of scoresheet illegible]} 1-0

[Event "Lansing (MOR/1b/4)"]
[Site "?"]
[Date "1997.??.??"]
[Round "?"]
[White "Evans Sr., Thomas"]
[Black "Barta, Roger"]
[Result "0-1"]
[WhiteElo "1605"]
[BlackElo "1705"]
[PlyCount "48"]
[EventDate "1997.??.??"]

1. d4 d5 2. c4 e6 3. e3 Nf6 4. Nc3 c6 5. Nf3 Nbd7 6. Be2 Bd6 7. c5 Bc7 8. Bd2
Ne4 9. O-O Ndf6 10. Bc1 O-O 11. Nxe4 Nxe4 12. Bd3 f5 13. Bxe4 fxe4 14. Ne5 Bxe5
15. dxe5 Qg5 16. Qd4 Bd7 17. Bd2 Rf5 18. Bc3 Raf8 19. Qd2 Be8 20. h3 Bh5 21.
Kh2 Bf3 22. Rg1 Qh4 23. g3 Qxh3+ 24. Kxh3 Rh5# 0-1

[Event "Lansing (MOR/3/35)"]
[Site "?"]
[Date "1997.??.??"]
[Round "?"]
[White "Ellis, Carl"]
[Black "Wyatt, David"]
[Result "0-1"]
[WhiteElo "1605"]
[BlackElo "1605"]
[PlyCount "68"]
[EventDate "1997.??.??"]

{3/(35)} 1. e4 c5 2. Nf3 Nc6 3. c3 Nf6 4. d3 d6 5. Bg5 g6 6. d4 Nxe4 7. Bf4
cxd4 8. Nxd4 Bg7 9. Bb5 Bd7 10. Nxc6 bxc6 11. Bd3 Nc5 12. O-O Nxd3 13. Qxd3 O-O
14. Nd2 Rb8 15. Nc4 Bf5 16. Qe3 Rb7 17. Rad1 d5 18. Qc5 Qc8 19. Na5 Rxb2 20.
Nxc6 Kh8 21. Rxd5 Rxa2 22. Nxe7 Qxc5 23. Rxc5 Be6 24. g3 Rd8 25. Nc6 Rc8 26.
Rd1 Bh3 27. f3 Bf8 28. Be5+ Kg8 29. Ne7+ Bxe7 30. Rxc8+ Bxc8 31. c4 Rc2 32. Ra1
Rxc4 33. Rxa7 Bc5+ 34. Bd4 Bxd4+ 0-1

[Event "Lansing (MOR/4/43)"]
[Site "?"]
[Date "1997.??.??"]
[Round "?"]
[White "Ellis, Carl"]
[Black "Moore, A."]
[Result "1-0"]
[WhiteElo "1605"]
[BlackElo "1605"]
[PlyCount "67"]
[EventDate "1997.??.??"]

{4/(43)} 1. e4 e6 2. d4 d6 3. Bc4 c6 4. Nf3 Nf6 5. Nc3 Nxe4 6. Nxe4 d5 7. Bd3
dxe4 8. Bxe4 Nd7 9. Bf4 Be7 10. O-O Nf6 11. Qe2 O-O 12. Rad1 a6 13. a3 Bd7 14.
c4 Rc8 15. Ne5 Be8 16. c5 Nxe4 17. Qxe4 f6 18. Nc4 Bg6 19. Qxe6+ Bf7 20. Qe2
Bxc4 21. Qxc4+ Kh8 22. d5 cxd5 23. Rxd5 Qe8 24. Re1 Qf7 25. Re4 Rfe8 26. b4 Bd6
27. Bxd6 Re6 28. g3 Rce8 29. Red4 Qd7 30. f3 f5 31. Re5 Qf7 32. f4 Qg6 33. Bc7
Qf6 34. Rxe6 1-0

[Event "Lansing (MOR/6/37)"]
[Site "?"]
[Date "1997.??.??"]
[Round "?"]
[White "Ellis, Carl"]
[Black "Charette, B."]
[Result "0-1"]
[WhiteElo "1605"]
[BlackElo "1605"]
[PlyCount "53"]
[EventDate "1997.??.??"]

{6/(37)} 1. e4 c6 2. c4 e6 3. d4 d5 4. e5 Bb4+ 5. Bd2 Bxd2+ 6. Nxd2 Ne7 7. Ngf3
O-O 8. a4 Nf5 9. Bd3 Nxd4 10. Nxd4 dxc4 11. Bxh7+ Kxh7 12. Nxc4 Qd5 13. Qd3+
Kg8 14. O-O c5 15. Rfd1 cxd4 16. Rac1 Nc6 17. Qg3 b6 18. Ne3 Qxe5 19. Rxc6 Qxg3
20. fxg3 dxe3 21. Re1 Bd7 22. Rcc1 b5 23. Rc7 Rfd8 24. Rxe3 bxa4 25. Rd3 Bb5
26. Rf3 Rd1+ 27. Kf2 0-1

[Event "Lansing (MOR/5/27)"]
[Site "?"]
[Date "1997.??.??"]
[Round "?"]
[White "Eck, J."]
[Black "Paul, Dennis"]
[Result "1-0"]
[WhiteElo "1605"]
[BlackElo "1605"]
[PlyCount "79"]
[EventDate "1997.??.??"]

{5/(27)} 1. e4 d6 2. Nf3 g6 3. h3 Bg7 4. d4 c6 5. c3 b5 6. Bd2 a6 7. c4 Nd7 8.
cxb5 axb5 9. Bc3 Ngf6 10. Bd3 Bb7 11. Nbd2 Qb6 12. O-O O-O 13. a3 c5 14. d5 b4
15. Nc4 Qc7 16. axb4 Rxa1 17. Qxa1 Ra8 18. Qe1 cxb4 19. Bxb4 Nc5 20. Bxc5 Qxc5
21. Nfd2 Nh5 22. Nb3 Qa7 23. Qd2 e6 24. dxe6 d5 25. exf7+ Kxf7 26. Nd6+ Ke6 27.
Nxb7 Qxb7 28. Nc5+ Kf7 29. Nxb7 d4 30. Qb4 Nf4 31. Bc4+ Kf6 32. Qd6+ Kg5 33.
Qe7+ Kh6 34. Qh4+ Nh5 35. Qg4 Nf6 36. Qf4+ Kh5 37. g4+ Kh4 38. g5+ Kh5 39. gxf6
Bxf6 40. Be2# 1-0

[Event "Lansing (MOR/3/26)"]
[Site "?"]
[Date "1997.??.??"]
[Round "?"]
[White "Eck, J."]
[Black "Moulter, Art"]
[Result "1-0"]
[WhiteElo "1605"]
[BlackElo "1605"]
[PlyCount "155"]
[EventDate "1997.??.??"]

{3/(26)} 1. e4 e5 2. Nf3 Nc6 3. Bb5 a6 4. Ba4 Nf6 5. O-O b5 6. Bb3 Bc5 7. h3 d6
8. Re1 O-O 9. d3 h6 10. c3 Be6 11. Bc2 Nh7 12. b4 Bb6 13. Nbd2 f5 14. exf5 Rxf5
15. d4 Rf7 16. Be4 d5 17. Bxh7+ Kxh7 18. Nxe5 Nxe5 19. Rxe5 Qf6 20. Nf3 Raf8
21. Be3 Qe7 22. a4 bxa4 23. Rxa4 Ra8 24. Qd3+ Kg8 25. Nh2 a5 26. Ng4 Kh8 27.
bxa5 Qd7 28. Ra1 Rxa5 29. Rxa5 Bxa5 30. Bd2 Bxg4 31. hxg4 Kg8 32. g5 hxg5 33.
Bxg5 c6 34. Re3 Bd8 35. Bxd8 Qxd8 36. Rh3 Qg5 37. Qe3 Qf6 38. Rh5 Re7 39. Re5
Rxe5 40. dxe5 Qe6 41. f4 Kf7 42. Qf3 g6 43. g4 Kg7 44. Qe2 Qe7 45. Qe3 Qh4 46.
g5 Qg4+ 47. Kf2 Qh4+ 48. Ke2 Qg4+ 49. Ke1 Qf5 50. Qa7+ Qf7 51. Qd4 Qf5 52. e6+
Kf8 53. Qb4+ Ke8 54. Qb8+ Ke7 55. Qc7+ Kxe6 56. Qxc6+ Ke7 57. Qb7+ Qd7 58. Qb4+
Qd6 59. Qd4 Qe6+ 60. Kd2 Kf7 61. Qb4 Qe4 62. Qxe4 dxe4 63. Ke3 Ke6 64. Kxe4 Kf7
65. f5 gxf5+ 66. Kxf5 Kg7 67. c4 Kf7 68. c5 Ke7 69. g6 Kd7 70. g7 Kc6 71. g8=Q
Kxc5 72. Ke5 Kb4 73. Kd4 Kb5 74. Qd5+ Kb6 75. Qc5+ Kb7 76. Kd5 Kb8 77. Kc6 Kc8
78. Qf8# 1-0

[Event "Lansing (MOR/1a/15)"]
[Site "?"]
[Date "1997.??.??"]
[Round "?"]
[White "Eck, J."]
[Black "Hollinsworth, Galon"]
[Result "0-1"]
[WhiteElo "1605"]
[BlackElo "1605"]
[PlyCount "84"]
[EventDate "1997.??.??"]

1. e4 e5 2. Nf3 Nc6 3. c4 Bc5 4. Nc3 a6 5. d3 d6 6. h3 Nf6 7. Bg5 h6 8. Bh4 Be6
9. Be2 Qe7 10. O-O O-O 11. Rb1 Kh8 12. Nd5 Bxd5 13. exd5 Nd4 14. Nxd4 Bxd4 15.
Kh1 g5 16. Bg3 Rg8 17. f3 Nh5 18. Bf2 f5 19. Qe1 f4 20. Kh2 Rae8 21. Bd1 Qh7
22. Ba4 Re7 23. Bc2 Qf7 24. a4 Bxf2 25. Qxf2 Ng3 26. Rfe1 Nf5 27. b4 h5 28. a5
Ne3 29. Bd1 Qf5 30. Rb3 g4 31. Qh4 Rh7 32. Rg1 Qg6 33. Qe1 Rhg7 34. fxg4 hxg4
35. h4 g3+ 36. Kh1 Rh7 37. Rf1 Rxh4+ 38. Kg1 Qh6 39. Qxg3 Rxg3 40. Kf2 Rxg2+
41. Kf3 Rh3+ 42. Ke4 Qg6# 0-1

[Event "Lansing (MOR/7/14)"]
[Site "?"]
[Date "1997.??.??"]
[Round "?"]
[White "Eck, J."]
[Black "Boyle, John"]
[Result "1-0"]
[WhiteElo "1605"]
[BlackElo "1605"]
[PlyCount "61"]
[EventDate "1997.??.??"]

{7/(14)} 1. e4 c5 2. Nf3 d6 3. d4 cxd4 4. Nxd4 Nf6 5. Nc3 g6 6. Be3 Bg7 7. Bd3
O-O 8. h3 Nc6 9. Bb5 Bd7 10. Nxc6 bxc6 11. Bc4 Qa5 12. O-O Rab8 13. Bb3 c5 14.
Bd2 Qb6 15. Re1 c4 16. Ba4 Qxb2 17. Rb1 Qa3 18. Bxd7 Nxd7 19. Nd5 e6 20. Ne7+
Kh8 21. Nc6 Rxb1 22. Qxb1 Qc5 23. Qb7 Ne5 24. Nxa7 Rd8 25. Be3 Qa5 26. Rd1 Rd7
27. Qb8+ Rd8 28. Nc8 Qa6 29. Rxd6 Nd7 30. Rxd7 Rxc8 31. Rd8+ 1-0

[Event "Lansing (MOR/1b/21)"]
[Site "?"]
[Date "1997.??.??"]
[Round "?"]
[White "Eberle, C."]
[Black "Iyer, Krishnan"]
[Result "0-1"]
[WhiteElo "1605"]
[BlackElo "1605"]
[PlyCount "56"]
[EventDate "1997.??.??"]

1. e4 d6 2. d4 Nf6 3. Nc3 a6 4. d5 e6 5. Nf3 Be7 6. Be2 O-O 7. Be3 exd5 8. exd5
Re8 9. O-O Nbd7 10. Bd3 Nb6 11. Bxb6 cxb6 12. Re1 Bg4 13. a3 Qd7 14. Bc4 Rac8
15. Be2 Rc4 16. b4 Rxc3 17. Nd4 Bxe2 18. Qxe2 Bf8 19. Qd2 Nxd5 20. Nf3 Rxe1+
21. Rxe1 Qc6 22. a4 Rxc2 23. Qd3 Nf4 24. Qf5 Ne6 25. b5 axb5 26. axb5 Qc5 27.
Qe4 Qxf2+ 28. Kh1 Qxg2# 0-1

[Event "Lansing (MI Op/1a/14)"]
[Site "?"]
[Date "1997.??.??"]
[Round "?"]
[White "Dumas, Steve"]
[Black "Garrison, Ray"]
[Result "0-1"]
[WhiteElo "1605"]
[BlackElo "1965"]
[PlyCount "80"]
[EventDate "1997.??.??"]

1. d4 Nf6 2. Nf3 d6 3. e3 Nbd7 4. Nbd2 e5 5. Bd3 Qe7 6. e4 exd4 7. Nxd4 Ne5 8.
Qe2 Nxd3+ 9. cxd3 c6 10. O-O Ng4 11. N4f3 f5 12. Nb3 fxe4 13. dxe4 d5 14. Bg5
Qxe4 15. Qd1 Qg6 16. Re1+ Kf7 17. h3 Bd6 18. hxg4 Bxg4 19. Ne5+ Bxe5 20. Qxg4
Rhe8 21. Nc5 Kg8 22. Nd7 Bxb2 23. Rab1 Bf6 24. f4 h6 25. Nxf6+ gxf6 26. Re6
Qxb1+ 27. Kh2 hxg5 28. Rxf6 Qh7+ 29. Kg3 Qh4+ 30. Qxh4 gxh4+ 31. Kxh4 Re2 32.
g4 Rf8 33. Rg6+ Kh7 34. Kg5 Rg8 35. Rxg8 Kxg8 36. Kf6 Rxa2 37. g5 Rf2 38. f5 d4
39. Kg6 d3 40. f6 d2 0-1